Instalado el SICA

محفوظ في:
التفاصيل البيبلوغرافية
التنسيق: نص
الموضوعات:
الوسوم: إضافة وسم
لا توجد وسوم, كن أول من يضع وسما على هذه التسجيلة!

MARC

LEADER 00000 a a2200000 04500
001 11266
003
040
245 |a Instalado el SICA  
650 |a ORGANIZACIONES INTERGUBERNAMENTALES  
650 |a ODECA  
650 |a DEMOCRACIA  
650 |a COOPERACION INTERNACIONAL  
773 |g volumen 24, número 71; páginas 23-24  
999 |c 39969  |d 39969